| 000 | 00547nam a2200193 u 4500 | ||
|---|---|---|---|
| 005 | 20220818063540.0 | ||
| 008 | 111011s1998 cl r 000 0 spa d | ||
| 020 | _a9580442770 | ||
| 035 | _aUPN01000182139 | ||
| 049 | _aI | ||
| 050 | 4 |
_aPZ75 _bR3.5 |
|
| 100 | 1 |
_aReyes, Yolanda, _d1959- _931971 |
|
| 245 | 1 | 0 |
_aMaría de los dinosaurios / _cYolanda Reyes ; il. Ivan Da Coll. |
| 260 |
_aBogotá : _bNorma, _cc1998. |
||
| 300 | _a83 p. | ||
| 440 | 0 |
_aTorre de papel. _pRoja |
|
| 650 | 0 |
_aCuentos infantiles colombianos _94407 |
|
| 905 | _aInfantil | ||
| 999 |
_c154242 _d154242 |
||